[Event "Hessen Senioren-ch 2012  8th"]
[Site "Bad Sooden-Adf. (14.4.-22.4)"]
[Date "2012.04.22"]
[Round "9.18"]
[White "Etzold, Walter"]
[Black "Rychlik, Kurt"]
[Result "1-0"]
[WhiteElo "1995"]
[BlackElo "1942"]
[PlyCount "75"]
[EventDate "2012.04.??"]
[EventType "swiss"]
[EventRounds "9"]
[EventCountry "GER"]
[WhiteTeam "Langenberg(Gera) Elstertal SZ"]
[BlackTeam "Berenbostel SV"]

1. d4 d5 2. Nf3 Nf6 3. c4 e6 4. Nc3 Nbd7 5. Bg5 c6 6. e3 Qa5 7. Bxf6 Nxf6 8.
Nd2 Be7 9. Bd3 O-O 10. O-O Re8 11. Qe2 g6 12. a3 a6 13. b4 Qd8 14. Nf3 Bf8 15.
Ne5 Nd7 16. Nxd7 Bxd7 17. f4 Bg7 18. Qf2 b5 19. c5 a5 20. Qb2 Ra7 21. Ra2 Qe7
22. Qf2 Rea8 23. Rfa1 Be8 24. g4 f5 25. g5 Kf7 26. Kf1 h6 27. h4 Bd7 28. a4
axb4 29. axb5 Be8 30. b6 Rxa2 31. Rxa2 Qb7 32. Rxa8 Qxa8 33. Qa2 Qd8 34. Qa7+
Kf8 35. b7 hxg5 36. b8=Q Qxb8 37. Qxb8 bxc3 38. hxg5 1-0

[Event "Hessen Senioren-ch 2012  8th"]
[Site "Bad Sooden-Adf. (14.4.-22.4)"]
[Date "2012.04.22"]
[Round "9.19"]
[White "Niebling, Ferdinand"]
[Black "Kaufmann, Helmut(33)"]
[Result "1-0"]
[WhiteElo "1998"]
[BlackElo "1897"]
[PlyCount "65"]
[EventDate "2012.04.??"]
[EventType "swiss"]
[EventRounds "9"]
[EventCountry "GER"]
[WhiteTeam "Frankfurt-West SC"]
[BlackTeam "Eutingen SK"]

1. d4 d5 2. c4 e6 3. Nc3 g6 4. Nf3 Bg7 5. Bf4 c6 6. e3 Nf6 7. Be2 O-O 8. h3 Re8
9. O-O Nbd7 10. Qc2 dxc4 11. Bxc4 Nd5 12. Bg3 Nxc3 13. bxc3 Nb6 14. Bb3 Bf8 15.
a4 Bd6 16. Ne5 Kg7 17. a5 Nd5 18. e4 Nc7 19. f4 a6 20. Qf2 Rf8 21. Nc4 f5 22.
Nb6 Rb8 23. Rae1 Na8 24. Bh4 Qe8 25. Nc4 Qd7 26. Nxd6 Qxd6 27. e5 Qa3 28. Bf6+
Kg8 29. Rb1 Bd7 30. g4 fxg4 31. f5 Rbe8 32. fxg6 hxg6 33. Qh4 1-0

[Event "Hessen Senioren-ch 2012  8th"]
[Site "Bad Sooden-Adf. (14.4.-22.4)"]
[Date "2012.04.22"]
[Round "9.20"]
[White "Achenbach, Manfred"]
[Black "Bachmann, Rolf"]
[Result "1/2-1/2"]
[WhiteElo "1989"]
[BlackElo "1933"]
[PlyCount "122"]
[EventDate "2012.04.??"]
[EventType "swiss"]
[EventRounds "9"]
[EventCountry "GER"]
[WhiteTeam "Mülheim 08/25 SC"]
[BlackTeam "Hamm SVg"]

1. Nf3 Nf6 2. c4 e6 3. g3 b6 4. Bg2 Bb7 5. Nc3 Be7 6. O-O O-O 7. d4 d5 8. cxd5
Nxd5 9. Bd2 Nxc3 10. Bxc3 Nd7 11. Re1 c5 12. e4 cxd4 13. Qxd4 Nf6 14. Qa4 Qd7
15. Qc2 Rac8 16. Rad1 Qc7 17. Qa4 Bc6 18. Qc2 Rfd8 19. Rc1 Qb8 20. Ne5 Bb7 21.
Qe2 Nd7 22. Nxd7 Rxd7 23. Qg4 Bf8 24. h4 Rc5 25. Rcd1 Qd8 26. Rxd7 Qxd7 27. Rd1
Qe8 28. Bd4 Rc7 29. Bf1 g6 30. Qf4 e5 31. Bxe5 Re7 32. Bc3 Bg7 33. Bxg7 Kxg7
34. f3 Rd7 35. Rd6 Rxd6 36. Qxd6 Qc6 37. Qxc6 Bxc6 38. Kf2 f6 39. Ke3 h6 40.
Bc4 g5 41. f4 Kf8 42. fxg5 fxg5 43. hxg5 hxg5 44. Kd4 Ke7 45. Bd5 Be8 46. Ke5
Bd7 47. Bg8 Bc8 48. Bc4 Bd7 49. b4 Bc8 50. Bg8 Bd7 51. Bb3 Bc8 52. b5 Bd7 53.
a4 Bc8 54. Bg8 Bg4 55. Bb3 Bd7 56. Kd4 Bg4 57. e5 Bf3 58. Bc2 Ke6 59. Bb3+ Ke7
60. Ke3 Bg2 61. Bc2 Bd5 1/2-1/2

[Event "Hessen Senioren-ch 2012  8th"]
[Site "Bad Sooden-Adf. (14.4.-22.4)"]
[Date "2012.04.22"]
[Round "9.21"]
[White "Arp, Frans"]
[Black "Noble, Alexander"]
[Result "0-1"]
[WhiteElo "1833"]
[BlackElo "1939"]
[PlyCount "86"]
[EventDate "2012.04.??"]
[EventType "swiss"]
[EventRounds "9"]
[EventCountry "GER"]
[WhiteTeam "NED/Haarlem"]
[BlackTeam "Bad Nauheim SC"]
[WhiteTeamCountry "NED"]

1. e4 e6 2. Nf3 d5 3. Nc3 Nf6 4. e5 Nfd7 5. d4 c5 6. Bg5 Qb6 7. dxc5 Bxc5 8.
Qd2 Bb4 9. O-O-O Qa5 10. Kb1 Nc6 11. Bf4 Nc5 12. Be3 Na4 13. Bd4 Nxd4 14. Nxd4
Nxc3+ 15. bxc3 Bxc3 16. Bb5+ Kf8 17. Qe3 Qa3 18. Qc1 Qb4+ 19. Nb3 Qxb5 20. Rd3
Bxe5 21. Qa3+ Ke8 22. Re1 Bf6 23. f4 b6 24. f5 e5 25. Qd6 Bb7 26. Rxe5+ Bxe5
27. Qxe5+ Kd8 28. Qxg7 Qe8 29. Qg5+ Qe7 30. f6 Qe1+ 31. Kb2 Re8 32. Rxd5+ Bxd5
33. Qxd5+ Kc7 34. Qxf7+ Kd6 35. Qxh7 Qe5+ 36. c3 Qxf6 37. Qd3+ Kc7 38. Qc4+ Kb7
39. Qd5+ Qc6 40. Qf7+ Ka6 41. Qf1+ Qb5 42. c4 Qe5+ 43. Ka3 Rac8 0-1

[Event "Hessen Senioren-ch 2012  8th"]
[Site "Bad Sooden-Adf. (14.4.-22.4)"]
[Date "2012.04.22"]
[Round "9.22"]
[White "Mentel, Juergen Dr"]
[Black "Hampel, Johannes"]
[Result "1-0"]
[WhiteElo "1879"]
[BlackElo "1950"]
[PlyCount "91"]
[EventDate "2012.04.??"]
[EventType "swiss"]
[EventRounds "9"]
[EventCountry "GER"]
[WhiteTeam "Greifswalder SV"]
[BlackTeam "Dresden-Leuben SV"]

1. e4 e6 2. d3 d5 3. Qe2 Be7 4. Nf3 Nf6 5. g3 O-O 6. Bg2 c5 7. O-O Nc6 8. e5
Nd7 9. h4 Qc7 10. Bf4 Nd4 11. Nxd4 cxd4 12. c4 dxc3 13. Nxc3 Qa5 14. a3 b5 15.
b4 Qb6 16. Be3 Qb8 17. f4 a5 18. Qb2 Nb6 19. Bc5 Bxc5+ 20. bxc5 Na4 21. Nxa4
bxa4 22. Rab1 Ba6 23. Rfd1 Qxb2 24. Rxb2 Rab8 25. Rdb1 Rxb2 26. Rxb2 Rc8 27. d4
Bc4 28. Rb6 Kf8 29. Bf3 Bb3 30. Be2 Ke8 31. Rb7 Bc4 32. Bd1 Bb3 33. Bxb3 axb3
34. Rxb3 Kd7 35. Kf1 Rc7 36. Ke2 Ra7 37. g4 Kc7 38. Kd3 Ra6 39. Kc2 g6 40. Rb5
Kc6 41. Rb8 Ra7 42. Rb6+ Kc7 43. Kb3 Rb7 44. Rxb7+ Kxb7 45. Ka4 Ka6 46. g5 1-0

[Event "Hessen Senioren-ch 2012  8th"]
[Site "Bad Sooden-Adf. (14.4.-22.4)"]
[Date "2012.04.22"]
[Round "9.23"]
[White "Gousseinov, Aguif"]
[Black "Lippmann, Ulrich"]
[Result "1/2-1/2"]
[WhiteElo "1935"]
[BlackElo "1890"]
[PlyCount "120"]
[EventDate "2012.04.??"]
[EventType "swiss"]
[EventRounds "9"]
[EventCountry "GER"]
[WhiteTeam "FRA/Paris"]
[BlackTeam "Papenburg SC"]
[WhiteTeamCountry "FRA"]

1. e4 e5 2. Nf3 Nf6 3. d4 Nxe4 4. Bd3 d5 5. Nxe5 Nd7 6. Nxf7 Qe7 7. Qe2 Qxf7 8.
f3 Ndf6 9. Nd2 Be7 10. fxe4 Bg4 11. Qe3 Bd7 12. O-O dxe4 13. Nxe4 Qe6 14. Nxf6+
Bxf6 15. Qxe6+ Bxe6 16. c3 O-O-O 17. Bf5 Rde8 18. Bxe6+ Rxe6 19. Bd2 Rhe8 20.
Rae1 b5 21. Rxe6 Rxe6 22. Re1 Kd7 23. Kf2 c6 24. Kf3 b4 25. Rxe6 Kxe6 26. Ke4
bxc3 27. bxc3 g6 28. c4 a6 29. Bf4 Be7 30. g3 Bf6 31. h4 Bg7 32. g4 h5 33. d5+
cxd5+ 34. cxd5+ Kd7 35. gxh5 gxh5 36. Kf5 Ke7 37. Kg6 Bd4 38. Kxh5 Kf6 39. Kg4
Bc5 40. h5 Bf8 41. h6 Bxh6 42. Kf3 Kf5 43. Bc7 Bg7 44. Ke3 Be5 45. Bb6 Bg3 46.
Bd4 Bd6 47. Kd3 Kg6 48. Kc4 Kf7 49. Bc5 Bg3 50. Bb4 Bf2 51. Bc3 Ke7 52. Bd4 Bg3
53. Kc5 Kd7 54. Kb6 Kd6 55. Kxa6 Kxd5 56. Bc3 Kc4 57. Bd2 Bc7 58. a4 Kb3 59.
Ba5 Bf4 60. Be1 Bc7 1/2-1/2

[Event "Hessen Senioren-ch 2012  8th"]
[Site "Bad Sooden-Adf. (14.4.-22.4)"]
[Date "2012.04.22"]
[Round "9.24"]
[White "Piastowski, Kurt"]
[Black "Kahn, Peter"]
[Result "1/2-1/2"]
[WhiteElo "1749"]
[BlackElo "1952"]
[PlyCount "76"]
[EventDate "2012.04.??"]
[EventType "swiss"]
[EventRounds "9"]
[EventCountry "GER"]
[WhiteTeam "Lüneburg Turm SC"]
[BlackTeam "Siebenlehner SV"]

1. d4 Nf6 2. Nf3 g6 3. Bf4 Bg7 4. e3 d6 5. Bd3 O-O 6. Nbd2 Nbd7 7. h3 c5 8. c3
a6 9. O-O b5 10. Qe2 Bb7 11. Rfd1 Rc8 12. Bc2 e5 13. dxe5 dxe5 14. Bg5 e4 15.
Nh2 Qb6 16. Rab1 Qc6 17. c4 b4 18. Ng4 Nxg4 19. hxg4 a5 20. f3 exf3 21. gxf3
Nf6 22. Bxf6 Bxf6 23. Be4 Qc7 24. Bxb7 Qxb7 25. Ne4 Be7 26. Nd6 Bxd6 27. Rxd6
Qe7 28. Rd3 a4 29. Re1 Rfd8 30. Red1 Rxd3 31. Rxd3 Qe6 32. Qc2 Ra8 33. e4 Qe5
34. Kg2 Ra6 35. Rd5 Qe7 36. Qf2 Rc6 37. Qc2 Ra6 38. Qf2 Rc6 1/2-1/2

[Event "Hessen Senioren-ch 2012  8th"]
[Site "Bad Sooden-Adf. (14.4.-22.4)"]
[Date "2012.04.22"]
[Round "9.25"]
[White "Thieme, Hans(08.33)"]
[Black "Busic, Nedjeljko"]
[Result "1-0"]
[WhiteElo "1959"]
[BlackElo "1883"]
[PlyCount "91"]
[EventDate "2012.04.??"]
[EventType "swiss"]
[EventRounds "9"]
[EventCountry "GER"]
[WhiteTeam "Oberursel SV"]
[BlackTeam "Bad Nauheim SC"]

1. e4 g6 2. d4 d6 3. f4 Nd7 4. Nf3 c5 5. c3 Bg7 6. Bd3 Qb6 7. a4 cxd4 8. a5 Qc5
9. b4 Qh5 10. cxd4 Nh6 11. Nc3 O-O 12. Ne2 Nf6 13. e5 Nd5 14. Qb3 Be6 15. Bc4
Nc7 16. h3 Qf5 17. d5 Bc8 18. Ng3 Qd7 19. O-O e6 20. dxe6 fxe6 21. Rd1 d5 22.
Bf1 a6 23. Nd4 Qd8 24. Qc3 Nb5 25. Bxb5 axb5 26. Nb3 Bd7 27. Ne2 Nf5 28. g4 Nd6
29. Nc5 Ne4 30. Nxe4 dxe4 31. Be3 g5 32. Bc5 Rf7 33. Rf1 gxf4 34. Rxf4 Rxf4 35.
Nxf4 Qb8 36. Bd4 Qd8 37. Qe3 Rc8 38. Nh5 Bc6 39. Rf1 Qc7 40. Qg5 Kh8 41. Nf6
Be8 42. Bc5 Qd8 43. Qf4 Rxc5 44. Nxe8 Qd4+ 45. Kh1 Rc3 46. Qf8+ 1-0

[Event "Hessen Senioren-ch 2012  8th"]
[Site "Bad Sooden-Adf. (14.4.-22.4)"]
[Date "2012.04.22"]
[Round "9.26"]
[White "Heinzel, Peter"]
[Black "Schmidt, Manfred Dr(37)"]
[Result "1/2-1/2"]
[WhiteElo "1907"]
[BlackElo "1850"]
[PlyCount "92"]
[EventDate "2012.04.??"]
[EventType "swiss"]
[EventRounds "9"]
[EventCountry "GER"]
[WhiteTeam "Mülheim 08/25 SV"]
[BlackTeam "Springe SV"]

1. b4 c6 2. Bb2 Qb6 3. a3 a5 4. c4 axb4 5. c5 Qc7 6. axb4 Rxa1 7. Bxa1 b6 8. e3
d6 9. cxb6 Qxb6 10. b5 Nf6 11. Bxf6 exf6 12. Nc3 Be7 13. Nf3 O-O 14. bxc6 Nxc6
15. Be2 Be6 16. O-O Rc8 17. Qa4 Qb4 18. Qa6 Qa5 19. Nd4 Qc7 20. Ndb5 Qd7 21.
Qa4 d5 22. Nd4 Nxd4 23. Qxd4 Bc5 24. Qa4 Qxa4 25. Nxa4 Bb4 26. d4 Ba3 27. Bf3
Rc6 28. g4 Kf8 29. Ra1 Bb4 30. Rb1 Ba5 31. h3 Rc4 32. Ra1 Rc2 33. Nc5 Bb4 34.
Nd3 Bd6 35. Ra5 Rc3 36. Be2 Rc2 37. Kf1 h5 38. Rb5 Ke7 39. Nb4 Rc1+ 40. Kg2
hxg4 41. hxg4 Bxb4 42. Rxb4 Rc7 43. Rb5 Rd7 44. f4 f5 45. gxf5 Bxf5 46. Bf3 Ke6
1/2-1/2

[Event "Hessen Senioren-ch 2012  8th"]
[Site "Bad Sooden-Adf. (14.4.-22.4)"]
[Date "2012.04.22"]
[Round "9.27"]
[White "Holscher, Peter"]
[Black "Voermans, Adri"]
[Result "1-0"]
[WhiteElo "1959"]
[BlackElo "1906"]
[PlyCount "57"]
[EventDate "2012.04.??"]
[EventType "swiss"]
[EventRounds "9"]
[EventCountry "GER"]
[WhiteTeam "NED/Hoorn Caissa"]
[BlackTeam "NED/Den Haag DD"]
[WhiteTeamCountry "NED"]
[BlackTeamCountry "NED"]

1. d4 Nf6 2. c4 g6 3. Nf3 Bg7 4. Nc3 d5 5. Bf4 O-O 6. e3 c6 7. Bd3 b6 8. O-O
Nh5 9. Be5 f6 10. Bxb8 Rxb8 11. Qa4 e5 12. cxd5 cxd5 13. Nxd5 Kh8 14. Nc3 f5
15. Be2 exd4 16. Nxd4 Bxd4 17. Qxd4+ Nf6 18. Qe5 Rb7 19. Rfd1 Qc7 20. Rd6 Qe7
21. Qxe7 Rxe7 22. Rad1 Be6 23. h3 Kg7 24. Rc6 Rff7 25. Rd8 Rf8 26. Rdd6 Kf7 27.
Bc4 Rfe8 28. b3 Nd7 29. Bxe6+ 1-0

[Event "Hessen Senioren-ch 2012  8th"]
[Site "Bad Sooden-Adf. (14.4.-22.4)"]
[Date "2012.04.22"]
[Round "9.28"]
[White "Boehme, Erich"]
[Black "Reinhold, Klaus Dr(44)"]
[Result "0-1"]
[WhiteElo "1740"]
[BlackElo "1952"]
[PlyCount "56"]
[EventDate "2012.04.??"]
[EventType "swiss"]
[EventRounds "9"]
[EventCountry "GER"]
[WhiteTeam "Stadtallendorf SK"]
[BlackTeam "Gronau 1920 SC"]

1. c4 c6 2. d4 d5 3. cxd5 cxd5 4. Nc3 Nf6 5. g3 Bf5 6. Bg2 e6 7. Qb3 Nc6 8. Nf3
Qd7 9. Bf4 Be7 10. O-O O-O 11. Rfd1 h6 12. Rac1 Rfc8 13. Ne5 Nxe5 14. dxe5 Nh7
15. e4 Bg4 16. exd5 Bxd1 17. Rxd1 Rab8 18. d6 Bg5 19. Bxg5 hxg5 20. f4 gxf4 21.
gxf4 Nf8 22. Ne4 Ng6 23. Qg3 Rc2 24. h4 Qa4 25. Rd3 Rxg2+ 26. Kxg2 Qxe4+ 27.
Qf3 Nxf4+ 28. Kh2 Qxd3 0-1

[Event "Hessen Senioren-ch 2012  8th"]
[Site "Bad Sooden-Adf. (14.4.-22.4)"]
[Date "2012.04.22"]
[Round "9.29"]
[White "Nagorni, Walter"]
[Black "Matrisch, Gerd"]
[Result "1/2-1/2"]
[WhiteElo "1905"]
[BlackElo "1737"]
[PlyCount "118"]
[EventDate "2012.04.??"]
[EventType "swiss"]
[EventRounds "9"]
[EventCountry "GER"]
[WhiteTeam "Lister Turm SK"]
[BlackTeam "Wanne-Eickel SV"]

1. Nf3 c5 2. c4 g6 3. Nc3 Bg7 4. g3 Nc6 5. Bg2 Nf6 6. O-O O-O 7. d4 cxd4 8.
Nxd4 a6 9. Nxc6 dxc6 10. Qc2 e5 11. e4 Bg4 12. h3 Be6 13. b3 Rc8 14. Rd1 Qc7
15. Be3 Rfd8 16. Na4 Rxd1+ 17. Rxd1 Rd8 18. Rf1 Nd7 19. Qe2 b5 20. cxb5 cxb5
21. Rc1 Qb7 22. Nc3 Rc8 23. Qd2 b4 24. Nd5 Rxc1+ 25. Qxc1 Nf6 26. Qc7 Qxc7 27.
Nxc7 Bc8 28. Bc5 Bf8 29. Bb6 Bd6 30. Kf1 Bb7 31. f3 Kf8 32. Ke1 Ke7 33. Bf1 Nd7
34. Ba5 Nb8 35. Nd5+ Bxd5 36. exd5 Bc5 37. Kd2 Kd6 38. Bc4 f5 39. Kd3 Nd7 40.
Bxa6 Nf6 41. Bb7 Nxd5 42. Kc4 Ne3+ 43. Kb5 Nf1 44. g4 fxg4 45. hxg4 h5 46. gxh5
gxh5 47. Bxb4 Bxb4 48. Kxb4 h4 49. Bc8 Nh2 50. a4 Kc6 51. Bf5 Kb6 52. a5+ Ka6
53. Bd3+ Ka7 54. Kc5 Nxf3 55. b4 h3 56. Bf1 h2 57. Bg2 Ne1 58. Bh1 Nd3+ 59. Kd5
Nxb4+ 1/2-1/2

[Event "Hessen Senioren-ch 2012  8th"]
[Site "Bad Sooden-Adf. (14.4.-22.4)"]
[Date "2012.04.22"]
[Round "9.30"]
[White "Smits, Oswald"]
[Black "Schirmer, Werner"]
[Result "1/2-1/2"]
[WhiteElo "1726"]
[BlackElo "1920"]
[PlyCount "112"]
[EventDate "2012.04.??"]
[EventType "swiss"]
[EventRounds "9"]
[EventCountry "GER"]
[WhiteTeam "Königstein/Schwalbach Sfr."]
[BlackTeam "Hamburger SK"]

1. d4 Nf6 2. Nf3 g6 3. Nbd2 Bg7 4. e4 d6 5. Be2 O-O 6. O-O Nbd7 7. b3 c5 8. c3
b6 9. Bb2 Bb7 10. d5 Qc7 11. Qc2 a6 12. c4 e5 13. Rfe1 Nh5 14. g3 Qd8 15. Nh4
Nf4 16. Bf1 Bc8 17. Ndf3 Nh5 18. Bc1 Ndf6 19. Kh1 h6 20. Ng1 Nh7 21. Be3 Ng5
22. f3 Kh7 23. Qg2 f5 24. exf5 gxf5 25. Bd3 Ra7 26. Rac1 Kg8 27. Bd2 Raf7 28.
Ng6 Re8 29. f4 Ne4 30. Bxe4 fxe4 31. fxe5 dxe5 32. Rf1 Bf5 33. Nh4 Nf4 34. Bxf4
exf4 35. Rxf4 Bh7 36. Rxf7 Kxf7 37. Qf2+ Kg8 38. Ng2 e3 39. Qe2 Be4 40. h3 Qg5
41. Kh2 Be5 42. Qxe3 Qg6 43. Nh4 Qh5 44. Nhf3 Bb2 45. Re1 Bg6 46. Qd2 Rxe1 47.
Qxe1 Qf5 48. d6 Qc2+ 49. Kh1 Be4 50. d7 Bf6 51. Qf1 Kf8 52. Qg2 Qb1 53. Kh2 Ke7
54. Qe2 Kxd7 55. Nd2 Bf5 56. Ngf3 Qxa2 1/2-1/2

[Event "Hessen Senioren-ch 2012  8th"]
[Site "Bad Sooden-Adf. (14.4.-22.4)"]
[Date "2012.04.22"]
[Round "9.31"]
[White "Merettig, Georg"]
[Black "Kotlar, Alfred"]
[Result "0-1"]
[WhiteElo "1748"]
[BlackElo "1825"]
[PlyCount "100"]
[EventDate "2012.04.??"]
[EventType "swiss"]
[EventRounds "9"]
[EventCountry "GER"]
[WhiteTeam "Wolfenbüttel Caissa SV"]
[BlackTeam "Recklinghausen 06 SK"]

1. Nc3 g6 2. f4 Bg7 3. e4 d6 4. d4 c5 5. d5 a6 6. Nf3 b5 7. Ne2 Nf6 8. Ng3 h5
9. e5 dxe5 10. fxe5 Nxd5 11. c4 bxc4 12. Bxc4 e6 13. Bg5 Qd7 14. Ne4 O-O 15.
Bxd5 Qxd5 16. Qxd5 exd5 17. Nxc5 Nc6 18. Rd1 Nxe5 19. Nxe5 Bxe5 20. O-O d4 21.
Bf6 Bxf6 22. Rxf6 Rd8 23. Rf4 Rd5 24. Ne4 Ra5 25. a3 Be6 26. Rxd4 Rc8 27. h4
Kg7 28. Ng5 Bf5 29. Rb4 Rb5 30. a4 Rd5 31. Rb7 Rf8 32. Rxf5 Rxf5 33. Ne6+ Kg8
34. Nxf8 Kxf8 35. Rb6 a5 36. Rb5 Rxb5 37. axb5 Ke7 38. Kf2 Kd6 39. Ke3 Kc5 40.
b6 Kxb6 41. Kd4 Kb5 42. Ke5 Kb4 43. Kf6 Kb3 44. Kxf7 Kxb2 45. Kxg6 a4 46. Kxh5
a3 47. Kg6 a2 48. h5 a1=Q 49. g4 Qa6+ 50. Kf5 Qh6 0-1

[Event "Hessen Senioren-ch 2012  8th"]
[Site "Bad Sooden-Adf. (14.4.-22.4)"]
[Date "2012.04.22"]
[Round "9.32"]
[White "Bendisch, Juergen Dr"]
[Black "Oldach, Ehrenfried"]
[Result "0-1"]
[WhiteElo "1692"]
[BlackElo "1872"]
[PlyCount "86"]
[EventDate "2012.04.??"]
[EventType "swiss"]
[EventRounds "9"]
[EventCountry "GER"]
[WhiteTeam "Hennef 1927 SV"]
[BlackTeam "Warnemünde SF"]

1. d4 Nf6 2. Nf3 d5 3. Bf4 Bf5 4. Nh4 Bd7 5. h3 e6 6. Nd2 Nh5 7. Bxc7 Qxc7 8.
e3 Nf6 9. Bd3 Nc6 10. c3 Be7 11. Nhf3 a6 12. O-O O-O 13. c4 Nb4 14. Be2 dxc4
15. Bxc4 Rfc8 16. a3 Nc6 17. Rc1 Na5 18. Bd3 Qxc1 19. Qxc1 Rxc1 20. Rxc1 Rc8
21. Rxc8+ Bxc8 22. Ne5 Nd7 23. Nef3 Nb6 24. Ne1 Bd7 25. g4 g6 26. Kg2 Kg7 27.
Nc2 Nd5 28. Be4 Ba4 29. Ne1 Nb3 30. Nxb3 Bxb3 31. Nf3 Ba4 32. Nd2 Be8 33. Kf1
b5 34. Bd3 a5 35. Nb3 a4 36. Nd2 f5 37. Bb1 b4 38. axb4 Nxb4 39. Kg2 Bb5 40.
Kg1 Nd3 41. Ba2 Kf6 42. b3 a3 43. Nb1 Bb4 0-1

[Event "Hessen Senioren-ch 2012  8th"]
[Site "Bad Sooden-Adf. (14.4.-22.4)"]
[Date "2012.04.22"]
[Round "9.33"]
[White "Zwanepol, Johan"]
[Black "Hoffmann, Erich(36)"]
[Result "1/2-1/2"]
[WhiteElo "1714"]
[BlackElo "1736"]
[PlyCount "71"]
[EventDate "2012.04.??"]
[EventType "swiss"]
[EventRounds "9"]
[EventCountry "GER"]
[WhiteTeam "NED/Groningen SC"]
[BlackTeam "Bergeborbeck DJK"]
[WhiteTeamCountry "NED"]

1. e4 Nf6 2. Nc3 d5 3. exd5 Nxd5 4. d4 Nxc3 5. bxc3 c5 6. Be3 cxd4 7. Qxd4 Qxd4
8. cxd4 g6 9. Bb5+ Bd7 10. Rb1 Bxb5 11. Rxb5 b6 12. Ne2 Bg7 13. Nf4 Na6 14. O-O
O-O 15. c4 Nc7 16. Rb3 e5 17. dxe5 Bxe5 18. Nd3 Bg7 19. a4 Na6 20. Rb5 Nc7 21.
Rb3 Na6 22. a5 Nc5 23. Nxc5 bxc5 24. a6 Rfc8 25. Rb5 Bf8 26. Rfb1 Rc6 27. Rb8
Rxb8 28. Rxb8 Rxa6 29. g4 Kg7 30. Rc8 Ra5 31. Kg2 h6 32. Bxh6+ Kxh6 33. Rxf8
Ra4 34. Rxf7 Rxc4 35. g5+ Kxg5 36. Rxa7 1/2-1/2

[Event "Hessen Senioren-ch 2012  8th"]
[Site "Bad Sooden-Adf. (14.4.-22.4)"]
[Date "2012.04.22"]
[Round "9.34"]
[White "Rueggeberg, Wilhelm"]
[Black "Causevic, Ismet"]
[Result "0-1"]
[WhiteElo "1702"]
[BlackElo "1841"]
[PlyCount "152"]
[EventDate "2012.04.??"]
[EventType "swiss"]
[EventRounds "9"]
[EventCountry "GER"]
[WhiteTeam "Saarburg-Trier Sfr."]
[BlackTeam "Forst 1971 SF"]

1. d4 d5 2. c4 c6 3. Nc3 e6 4. Nf3 Nf6 5. e3 Nbd7 6. Bd2 a6 7. Be2 dxc4 8. Bxc4
b5 9. Be2 Bb7 10. O-O Be7 11. a3 O-O 12. Rc1 c5 13. dxc5 Nxc5 14. b4 Nce4 15.
Nxe4 Nxe4 16. Be1 Qb8 17. Qc2 Rc8 18. Qb1 Nd6 19. Bc3 Nc4 20. Qa1 f6 21. Rfd1
Bd5 22. Nd4 Bd6 23. h3 Ra7 24. Bf3 Bxf3 25. Nxf3 Kf7 26. Ne1 Rac7 27. Nd3 e5
28. Qa2 Kf8 29. Qa1 Qb6 30. Ne1 Ke7 31. Nf3 Nxe3 32. Bd4 Rxc1 33. Rxc1 Rxc1+
34. Qxc1 exd4 35. Qe1 Kf7 36. fxe3 dxe3 37. Qe2 Bf4 38. Ne1 Qd4 39. Nc2 Qe5 40.
g4 Qc3 41. Kf1 Qb3 42. Qd1 e2+ 43. Kxe2 Qe6+ 44. Kf2 Qd6 45. Qxd6 Bxd6 46. Ke3
Ke6 47. Nd4+ Kd5 48. Kd3 Be5 49. Ne2 Bb2 50. Kc2 Bxa3 51. Kb3 Bxb4 52. Kxb4 Ke4
53. Ng3+ Ke5 54. Kc5 g6 55. Nf1 Kf4 56. Kb6 b4 57. Kxa6 b3 58. Nd2 b2 59. Kb5
Kg3 60. Kb4 Kxh3 61. Kc3 b1=Q 62. Nxb1 Kxg4 63. Kd3 Kf3 64. Nd2+ Kg2 65. Ke2 h5
66. Nf1 h4 67. Ne3+ Kg1 68. Kf3 h3 69. Ng4 h2 70. Nf2 h1=Q+ 71. Nxh1 Kxh1 72.
Kg3 Kg1 73. Kf4 Kf2 74. Kg4 Ke3 75. Kg3 f5 76. Kh3 g5 0-1

[Event "Hessen Senioren-ch 2012  8th"]
[Site "Bad Sooden-Adf. (14.4.-22.4)"]
[Date "2012.04.22"]
[Round "9.35"]
[White "Kluever, Horst"]
[Black "Van Dongen, Rob"]
[Result "1/2-1/2"]
[WhiteElo "1672"]
[BlackElo "1834"]
[PlyCount "37"]
[EventDate "2012.04.??"]
[EventType "swiss"]
[EventRounds "9"]
[EventCountry "GER"]
[WhiteTeam "Itzehoer SV"]
[BlackTeam "NED/Amsterdam VAS"]
[BlackTeamCountry "NED"]

1. e4 e6 2. d4 d5 3. exd5 exd5 4. h3 Nf6 5. Nf3 Be7 6. Bd3 O-O 7. O-O c6 8. c3
h6 9. Qc2 Re8 10. Bf4 Bd6 11. Bxd6 Qxd6 12. Nbd2 Nbd7 13. Rae1 Rxe1 14. Rxe1
Nf8 15. Nf1 Nh5 16. Re8 Nf6 17. Re3 Bd7 18. Ng3 Re8 19. Re5 1/2-1/2

[Event "Hessen Senioren-ch 2012  8th"]
[Site "Bad Sooden-Adf. (14.4.-22.4)"]
[Date "2012.04.22"]
[Round "9.36"]
[White "Kempen, Willi"]
[Black "Brandt, Fred(36)"]
[Result "1/2-1/2"]
[WhiteElo "1855"]
[BlackElo "1687"]
[PlyCount "21"]
[EventDate "2012.04.??"]
[EventType "swiss"]
[EventRounds "9"]
[EventCountry "GER"]
[WhiteTeam "Rheydter SV"]
[BlackTeam "Berlin Königsjäger SW SV"]

1. e4 e5 2. Nf3 Nf6 3. Nxe5 d6 4. Nf3 Nxe4 5. d4 d5 6. Bd3 Be7 7. O-O O-O 8. c4
c6 9. Nc3 Nf6 10. h3 Nbd7 11. cxd5 1/2-1/2

[Event "Hessen Senioren-ch 2012  8th"]
[Site "Bad Sooden-Adf. (14.4.-22.4)"]
[Date "2012.04.22"]
[Round "9.37"]
[White "Schumacher, Helmut(31)"]
[Black "Blosze, Winfried"]
[Result "1/2-1/2"]
[WhiteElo "1847"]
[BlackElo "1710"]
[PlyCount "33"]
[EventDate "2012.04.??"]
[EventType "swiss"]
[EventRounds "9"]
[EventCountry "GER"]
[WhiteTeam "Aachen St. Josef DJK"]
[BlackTeam "Großauheim 1929 SV"]

1. d4 Nf6 2. Nc3 d5 3. Bg5 e6 4. e4 dxe4 5. Nxe4 Be7 6. Bxf6 gxf6 7. Nf3 b6 8.
Bd3 Bb7 9. Qe2 Qd5 10. Ng3 Nc6 11. c3 O-O-O 12. Bc4 Qd6 13. Ba6 h5 14. Bxb7+
Kxb7 15. h4 Qf4 16. Qe4 Qg4 17. Nh2 1/2-1/2

[Event "Hessen Senioren-ch 2012  8th"]
[Site "Bad Sooden-Adf. (14.4.-22.4)"]
[Date "2012.04.22"]
[Round "9.38"]
[White "Berger, Eduard"]
[Black "Klein, Klaus(36)"]
[Result "0-1"]
[WhiteElo "1677"]
[BlackElo "1823"]
[PlyCount "44"]
[EventDate "2012.04.??"]
[EventType "swiss"]
[EventRounds "9"]
[EventCountry "GER"]
[WhiteTeam "Stadtallendorf SK"]
[BlackTeam "Heidelberg SF"]

1. e4 c6 2. d4 d5 3. e5 Bf5 4. Bd3 Bxd3 5. Qxd3 e6 6. Ne2 Qb6 7. Nd2 c5 8. c3
Nc6 9. O-O cxd4 10. cxd4 Rc8 11. f4 Nh6 12. h3 Be7 13. Nf3 Nf5 14. g4 Nh4 15.
Nxh4 Bxh4 16. Kg2 Nb4 17. Qb3 Qb5 18. Ng3 Bxg3 19. Kxg3 Qxf1 20. Qxb4 Rxc1 21.
Rxc1 Qxc1 22. Qb5+ Qc6 0-1

[Event "Hessen Senioren-ch 2012  8th"]
[Site "Bad Sooden-Adf. (14.4.-22.4)"]
[Date "2012.04.22"]
[Round "9.39"]
[White "Kalix, Wolfgang"]
[Black "Bill, Eugen"]
[Result "1-0"]
[WhiteElo "1891"]
[BlackElo "1558"]
[PlyCount "85"]
[EventDate "2012.04.??"]
[EventType "swiss"]
[EventRounds "9"]
[EventCountry "GER"]
[WhiteTeam "Konstanz SVG"]
[BlackTeam "Limburg Lahn SV"]

1. e4 e5 2. Nf3 Nc6 3. Bb5 a6 4. Ba4 Nf6 5. O-O d6 6. c3 Bd7 7. d4 exd4 8. cxd4
Be7 9. e5 dxe5 10. dxe5 Ne4 11. Bc2 Ng5 12. Nxg5 Bxg5 13. Bxg5 Qxg5 14. f4 Qe7
15. Nc3 O-O-O 16. Qe1 Qc5+ 17. Qf2 Qxf2+ 18. Kxf2 Nd4 19. Be4 Bc6 20. Rac1 Rd7
21. Rfd1 Bxe4 22. Nxe4 Rhd8 23. Nd6+ Kb8 24. Rxd4 cxd6 25. Rcd1 Kc7 26. Ke3
dxe5 27. fxe5 Rxd4 28. Rxd4 Re8 29. Kf4 Re6 30. h4 f6 31. Re4 Rxe5 32. Rxe5
fxe5+ 33. Kxe5 Kd7 34. b4 b6 35. Kd5 h6 36. h5 a5 37. bxa5 bxa5 38. a4 Ke7 39.
Kc5 Ke6 40. Kb5 Kd5 41. Kxa5 Kc5 42. Ka6 Kc6 43. a5 1-0